[Event "Hamburg-chT Landesliga 2122"]
[Site "Hamburg"]
[Date "2022.05.07"]
[Round "7.5"]
[White "Wasmuth, Matthias"]
[Black "Huo, Da"]
[Result "1/2-1/2"]
[WhiteElo "2153"]
[BlackElo "1878"]
[PlyCount "48"]
[EventDate "2021.10.31"]
[EventType "team-tourn"]
[EventRounds "9"]
[EventCountry "GER"]
[SourceTitle "EXT 2023"]
[Source "ChessBase"]
[SourceDate "2022.10.05"]
[SourceVersion "1"]
[SourceVersionDate "2022.10.05"]
[SourceQuality "1"]
[WhiteTeam "Harburg Diagonale"]
[BlackTeam "Hamburger SK VI"]
[WhiteTeamCountry "GER"]
[BlackTeamCountry "GER"]

1. d4 f5 2. Qd3 e6 3. g4 fxg4 4. h3 g3 5. fxg3 d5 6. Nf3 Nf6 7. Bf4 Bd6 8. Nc3 0-0 9. Be5 Nh5 10. Rg1 Bxe5 11. Nxe5 c5 12. 0-0-0 cxd4 13. Qxd4 Qg5+ 14. Kb1 Nc6 15. Nxc6 bxc6 16. h4 Qf6 17. Qxf6 Nxf6 18. e4 Bb7 19. exd5 cxd5 20. Bh3 Rfe8 21. Rge1 e5 22. Nb5 Re7 23. Nd6 Bc6 24. Nf5 Ree8 1/2-1/2

[Event "GER-chT Online Liga 1 GpD"]
[Site "Playchess.com INT"]
[Date "2021.03.03"]
[Round "5.4"]
[White "Van Hasselt, Frank"]
[Black "Huo, Da"]
[Result "0-1"]
[WhiteElo "2227"]
[BlackElo "1918"]
[PlyCount "70"]
[EventDate "2021.01.18"]
[EventType "team-tourn (rapid)"]
[EventRounds "7"]
[EventCountry "GER"]
[SourceTitle "EXT 2022"]
[Source "ChessBase"]
[SourceDate "2021.10.06"]
[SourceVersion "1"]
[SourceVersionDate "2021.10.06"]
[SourceQuality "1"]
[WhiteTeam "Berlin SF"]
[BlackTeam "Hamburger SK"]
[WhiteTeamCountry "GER"]
[BlackTeamCountry "GER"]

1. c4 e5 2. g3 Nf6 3. Bg2 d5 4. cxd5 Nxd5 5. Nc3 Nb6 6. Nf3 Nc6 7. 0-0 Be7 8. a3 Be6 9. d3 0-0 10. b4 a5 11. b5 Nd4 12. Rb1 Nxf3+ 13. Bxf3 Rb8 14. Qc2 f5 15. Bb2 Bd6 16. Rfd1 Qe7 17. Na4 Nxa4 18. Qxa4 b6 19. Bg2 Qf7 20. Bc3 f4 21. Rf1 Qh5 22. d4 fxg3 23. hxg3 Qg4 24. e4 Rbd8 25. d5 Bd7 26. Qd1 Qg6 27. Qd3 Rf6 28. Bd2 Rdf8 29. Be3 h5 30. Kh2 h4 31. gxh4 Rf3 32. Qd1 Qxe4 33. Kg1 Bh3 34. Bxf3 Rxf3 35. Kh2 Bg4 0-1

[Event "GER-ch U14"]
[Site "Willingen"]
[Date "2020.10.23"]
[Round "5"]
[White "Foerster Yialamas, Lucas"]
[Black "Huo, Da"]
[Result "0-1"]
[WhiteElo "2033"]
[BlackElo "1868"]
[PlyCount "100"]
[EventDate "2020.10.19"]
[EventType "swiss"]
[EventRounds "7"]
[EventCountry "GER"]
[SourceTitle "EXT 2022"]
[Source "ChessBase"]
[SourceDate "2021.10.06"]
[SourceVersion "1"]
[SourceVersionDate "2021.10.06"]
[SourceQuality "1"]

1. e4 c5 2. Nf3 d6 3. d4 cxd4 4. Nxd4 Nf6 5. Nc3 Nc6 6. Bg5 e6 7. Qd2 a6 8. 0-0-0 Bd7 9. f3 Be7 10. h4 h6 11. Be3 h5 12. Kb1 Ne5 13. Qf2 b5 14. a3 Rb8 15. Qg3 Kf8 16. f4 Neg4 17. e5 Ne8 18. Be2 Nxe3 19. Qxe3 g6 20. Ne4 d5 21. Ng5 Ng7 22. Bd3 Nf5 23. Bxf5 gxf5 24. Rd2 a5 25. Rhd1 Qb6 26. Rd3 b4 27. axb4 axb4 28. Nb3 Qxe3 29. Rxe3 Rc8 30. Nd4 Bc5 31. b3 Ke7 32. Red3 Bb6 33. Kb2 Rc7 34. c3 Bxd4 35. cxd4 Rhc8 36. R1d2 Bb5 37. Rg3 Rc3 38. Nf3 Bd3 39. Ng1 Be4 40. Rh3 Rc1 41. Rhd3 Bxd3 42. Rxd3 Rxg1 43. Rd2 Rcc1 44. Rd3 Rcd1 45. Rc3 bxc3+ 46. Kxc3 Rxg2 47. Kb4 Rxd4+ 48. Kc5 Rxf4 49. b4 Rc2+ 50. Kb6 Rxb4+ 0-1

[Event "GER-ch U14"]
[Site "Willingen"]
[Date "2020.10.23"]
[Round "6"]
[White "Huo, Da"]
[Black "Eilenberg, Jonas"]
[Result "1/2-1/2"]
[WhiteElo "1868"]
[BlackElo "2242"]
[PlyCount "131"]
[EventDate "2020.10.19"]
[EventType "swiss"]
[EventRounds "7"]
[EventCountry "GER"]
[SourceTitle "EXT 2022"]
[Source "ChessBase"]
[SourceDate "2021.10.06"]
[SourceVersion "1"]
[SourceVersionDate "2021.10.06"]
[SourceQuality "1"]

1. e4 e6 2. d4 d5 3. Nd2 Be7 4. Ngf3 Nf6 5. e5 Nfd7 6. Bd3 c5 7. c3 Nc6 8. 0-0 a5 9. a4 cxd4 10. cxd4 Nb4 11. Bb1 b6 12. Re1 Ba6 13. Nf1 Rc8 14. Be3 Rc6 15. Qb3 Bc4 16. Qd1 Ba6 17. Qb3 Nb8 18. Bd2 g5 19. Bc3 g4 20. N3d2 h5 21. Qd1 Bf8 22. f3 Rg8 23. Nb3 Kd7 24. f4 Kc8 25. f5 exf5 26. Bxf5+ Kb7 27. Ne3 Qg5 28. Nc1 Qh4 29. Nd3 Bh6 30. Nf1 Qg5 31. Ne3 Qd8 32. Nf1 Rg5 33. Nxb4 axb4 34. Bd2 Rxf5 35. Ng3 Bxd2 36. Nxf5 Bxe1 37. Qxe1 Qg5 38. Nd6+ Kc7 39. Nxf7 Qf4 40. e6 Nd7 41. e7 Nf6 42. e8Q Nxe8 43. Qxe8 Qxd4+ 44. Kh1 Qf4 45. Qd8+ Kb7 46. Qd7+ Rc7 47. Nd6+ Kb8 48. Qd8+ Bc8 49. Rg1 Qe3 50. Nxc8 Rxc8 51. Qd6+ Rc7 52. Qd8+ Kb7 53. Qxd5+ Ka7 54. Qd1 g3 55. h3 Qf2 56. b3 Qc5 57. Rf1 h4 58. Qf3 Re7 59. Qf4 Rc7 60. Qf3 Qc3 61. Qf4 Qc2 62. Qxb4 Qf2 63. Qe1 Qxe1 64. Rxe1 Ka6 65. b4 Rc4 66. Rb1 1/2-1/2

[Event "GER-chT U14"]
[Site "Magdeburg"]
[Date "2019.12.29"]
[Round "5.1"]
[White "Huo, Da"]
[Black "Gerber, Anna Sophie"]
[Result "1-0"]
[WhiteElo "1771"]
[BlackElo "1513"]
[PlyCount "97"]
[EventDate "2019.12.27"]
[EventType "team-swiss"]
[EventRounds "7"]
[EventCountry "GER"]
[SourceTitle "CBM 194 Extra"]
[Source "ChessBase"]
[SourceDate "2020.03.31"]
[SourceVersion "1"]
[SourceVersionDate "2020.03.31"]
[SourceQuality "1"]
[WhiteTeam "Hamburger SK"]
[BlackTeam "Gera"]
[WhiteTeamCountry "GER"]
[BlackTeamCountry "GER"]

1. e4 c5 2. Nf3 e6 3. d4 cxd4 4. Nxd4 Nf6 5. Nc3 Nc6 6. Be3 Bb4 7. Bd3 d5 8. Nxc6 bxc6 9. exd5 exd5 10. Bd2 Qe7+ 11. Qe2 Be6 12. 0-0 0-0 13. a3 Bd6 14. f4 Qc7 15. h3 Rfe8 16. Qf3 Rad8 17. Kh1 Bc8 18. b4 Bb7 19. Na4 Ne4 20. Bxe4 dxe4 21. Qe3 Ba6 22. Rfe1 f5 23. Rac1 Bc8 24. c4 Qf7 25. Nb2 Be6 26. Bc3 Rd7 27. c5 Be7 28. Be5 Bf6 29. Bxf6 Qxf6 30. Qc3 Qxc3 31. Rxc3 Rd2 32. Nc4 Bxc4 33. Rxc4 Ra2 34. g4 Rxa3 35. gxf5 Rxh3+ 36. Kg2 Rh5 37. Rcxe4 Rxe4 38. Rxe4 Rxf5 39. Kg3 Kf7 40. Rd4 Ke8 41. Rd6 Rf7 42. Rxc6 Rb7 43. Ra6 Rxb4 44. Rxa7 Rc4 45. Rxg7 Rxc5 46. Rxh7 Rf5 47. Kg4 Rf7 48. Rxf7 Kxf7 49. Kf5 1-0

[Event "GER-chT U12"]
[Site "Magdeburg"]
[Date "2018.12.27"]
[Round "2.2"]
[White "Ermitsch, Magnus"]
[Black "Huo, Da"]
[Result "1/2-1/2"]
[WhiteElo "1627"]
[BlackElo "1661"]
[PlyCount "82"]
[EventDate "2018.12.27"]
[EventType "team-swiss"]
[EventRounds "7"]
[EventCountry "GER"]
[SourceTitle "CBM 188 Extra"]
[Source "ChessBase"]
[SourceDate "2019.02.26"]
[SourceVersion "1"]
[SourceVersionDate "2019.02.26"]
[SourceQuality "1"]
[WhiteTeam "Lichtenberg Borussia"]
[BlackTeam "Hamburger SK"]
[WhiteTeamCountry "GER"]
[BlackTeamCountry "GER"]

1. e4 c5 2. Nf3 d6 3. d4 cxd4 4. Nxd4 Nf6 5. Nc3 a6 6. Be3 Nbd7 7. Be2 b5 8. 0-0 Bb7 9. f3 e6 10. a3 Be7 11. Qd2 0-0 12. Nb3 Ne5 13. Qd4 Qc7 14. Kh1 Nc4 15. Bxc4 bxc4 16. Nd2 Rac8 17. a4 Nd7 18. Bg1 f5 19. a5 Bf6 20. Qf2 Bxc3 21. bxc3 fxe4 22. Qe2 Nf6 23. fxe4 Qc6 24. Rab1 Qc7 25. Bb6 Qc6 26. Bg1 Qc7 27. Bb6 Qd7 28. e5 dxe5 29. Nxc4 Bxg2+ 30. Kxg2 Qd5+ 31. Rf3 Rxc4 32. Rd1 Qb5 33. Kh1 e4 34. Rg3 Rd4 35. Rxg7+ Kxg7 36. Qg2+ Kf7 37. cxd4 Rg8 38. Qf2 Qc6 39. d5 exd5 40. Bd4 Rg6 41. Rf1 Qd6 1/2-1/2

[Event "GER-ch U12"]
[Site "Willingen"]
[Date "2018.05.25"]
[Round "9"]
[White "Huo, Da"]
[Black "Klugstedt, Vincent C"]
[Result "1-0"]
[WhiteElo "1790"]
[BlackElo "1689"]
[PlyCount "73"]
[EventDate "2018.05.19"]
[EventType "swiss"]
[EventRounds "11"]
[EventCountry "GER"]
[SourceTitle "CBM 184 Extra"]
[Source "ChessBase"]
[SourceDate "2018.06.28"]
[SourceVersion "1"]
[SourceVersionDate "2018.06.28"]
[SourceQuality "1"]

1. e4 c5 2. Nf3 Nc6 3. d4 cxd4 4. Nxd4 g6 5. Nc3 Bg7 6. Be3 Nf6 7. f3 d6 8. Qd2 0-0 9. 0-0-0 Nxd4 10. Bxd4 Be6 11. Kb1 a6 12. h4 h5 13. Be2 b5 14. Rhg1 b4 15. Nd5 Bxd5 16. exd5 Qa5 17. Bc4 Rab8 18. Bb3 Rb5 19. Be3 Qc7 20. Qd3 Qb7 21. Rd2 Nd7 22. Bd4 Bh6 23. Re2 Nc5 24. Bxc5 Rxc5 25. g4 hxg4 26. fxg4 a5 27. h5 g5 28. Rge1 Rc7 29. Qf5 Qa7 30. c4 Kg7 31. Bc2 Rh8 32. Rf1 f6 33. Re6 Qd4 34. Qg6+ Kf8 35. Re4 Qc5 36. Rxf6+ exf6 37. Re8# 1-0

[Event "GER-ch U12"]
[Site "Willingen"]
[Date "2018.05.22"]
[Round "5"]
[White "Huo, Da"]
[Black "Schwartz, Oliver"]
[Result "1-0"]
[WhiteElo "1790"]
[BlackElo "1512"]
[PlyCount "173"]
[EventDate "2018.05.19"]
[EventType "swiss"]
[EventRounds "11"]
[EventCountry "GER"]
[SourceTitle "CBM 184 Extra"]
[Source "ChessBase"]
[SourceDate "2018.06.28"]
[SourceVersion "1"]
[SourceVersionDate "2018.06.28"]
[SourceQuality "1"]

1. e4 c5 2. Nf3 Nc6 3. d4 cxd4 4. Nxd4 Nf6 5. Nc3 e5 6. Ndb5 d6 7. Bg5 a6 8. Na3 b5 9. Nd5 Be7 10. Bxf6 Bxf6 11. c4 b4 12. Nc2 a5 13. Be2 Bg5 14. 0-0 0-0 15. Bf3 Ra7 16. Qe2 g6 17. Rad1 Be6 18. b3 Rd7 19. Ra1 Rb7 20. Rfd1 Nb8 21. Nce3 Bxe3 22. Qxe3 Na6 23. Qd2 Rd7 24. Ne3 Nc5 25. Nf1 Qc7 26. Ng3 Rdd8 27. Qg5 f5 28. Qd2 fxe4 29. Nxe4 Nxe4 30. Bxe4 Rf4 31. Bd5 Qe7 32. Bxe6+ Qxe6 33. Qd5 Qf7 34. Qxf7+ Rxf7 35. Rd5 Rf6 36. Rxa5 Rb8 37. Rd1 Rb6 38. Ra7 Rf7 39. Ra5 Rf6 40. Rdd5 Rf7 41. f3 Kf8 42. c5 dxc5 43. Rdxc5 e4 44. fxe4 Rbf6 45. Rc1 Re6 46. e5 Rf5 47. Rb5 Rexe5 48. Rxb4 Re2 49. Rb7 Re7 50. Rxe7 Kxe7 51. Rc7+ Kd6 52. Rxh7 Ra5 53. Rh6 Rxa2 54. Rxg6+ Ke5 55. h3 Rb2 56. Rg3 Kf4 57. Rg4+ Kf5 58. b4 Ra2 59. Kh2 Rb2 60. Rc4 Kg5 61. Rc5+ Kh4 62. Rc4+ Kg5 63. h4+ Kh5 64. Kh3 Rb3+ 65. g3 Kh6 66. Kg4 Kg6 67. Rc6+ Kh7 68. Rb6 Rc3 69. h5 Rd3 70. Rf6 Rd4+ 71. Rf4 Rd5 72. Kh4 Rb5 73. g4 Kh6 74. g5+ Kh7 75. Rd4 Kg7 76. h6+ Kg6 77. Rd6+ Kh7 78. Kh5 Rb8 79. g6+ Kh8 80. Rd5 Re8 81. b5 Rb8 82. b6 Kg8 83. Rf5 Rxb6 84. h7+ Kg7 85. Rf7+ Kh8 86. Rf8+ Kg7 87. h8Q# 1-0

[Event "GER-chT U10"]
[Site "Magdeburg"]
[Date "2016.12.29"]
[Round "7.1"]
[White "Brunner, Alexander1111"]
[Black "Huo, Da"]
[Result "0-1"]
[WhiteElo "1461"]
[BlackElo "1486"]
[PlyCount "158"]
[EventDate "2016.12.27"]
[EventType "team-swiss"]
[EventRounds "7"]
[EventCountry "GER"]
[SourceTitle "EXT 2018"]
[Source "ChessBase"]
[SourceDate "2017.10.13"]
[SourceVersion "1"]
[SourceVersionDate "2017.10.13"]
[SourceQuality "1"]
[WhiteTeam "Hagen"]
[BlackTeam "Hamburger SK"]
[WhiteTeamCountry "GER"]
[BlackTeamCountry "GER"]

1. e4 c5 2. d4 cxd4 3. c3 dxc3 4. Nxc3 Nc6 5. Nf3 d6 6. Bc4 Nf6 7. 0-0 e6 8. Bg5 Be7 9. Qe2 0-0 10. Rfd1 e5 11. Rac1 a6 12. b4 b5 13. Bxf6 Bxf6 14. Bd5 Bb7 15. Nxb5 axb5 16. Qxb5 Nd4 17. Nxd4 Bxd5 18. Nf5 Bxa2 19. Rxd6 Qe8 20. Qb6 Qb8 21. Rxf6 Be6 22. Ne7+ Kh8 23. Qxb8 Raxb8 24. Rf3 Rxb4 25. Re3 Re8 26. Nc6 Rc8 27. Ree1 Rb5 28. Rcd1 Rc5 29. Ne7 Re8 30. Nd5 Bxd5 31. exd5 f6 32. f4 e4 33. d6 f5 34. g4 g6 35. gxf5 gxf5 36. d7 Rd8 37. Re2 Rc7 38. Red2 Kg7 39. Rd6 Kf7 40. Kf2 Ke7 41. Rh6 Rcxd7 42. Rxh7+ Ke6 43. Rh6+ Ke7 44. Rh7+ Ke6 45. Rh6+ Ke7 46. Rh7+ Ke8 47. Rdxd7 Rxd7 48. Rh5 Rf7 49. Rg5 Ke7 50. h4 Kf6 51. h5 Rg7 52. h6 Rh7 53. Rh5 Kg6 54. Rg5+ Kf6 55. Rh5 Ke6 56. Ke3 Kf6 57. Kd4 Rd7+ 58. Ke3 Rh7 59. Kd4 Rh8 60. h7 Rd8+ 61. Ke3 Rh8 62. Rh6+ Kg7 63. Rh5 Kg6 64. Rg5+ Kf6 65. Rh5 Kg6 66. Rh1 Rxh7 67. Re1 Rh3+ 68. Kf2 Rf3+ 69. Kg2 Rxf4 70. Kh3 Kg5 71. Rg1+ Rg4 72. Rf1 f4 73. Kh2 f3 74. Kh1 Kf4 75. Kh2 e3 76. Kh3 e2 77. Rxf3+ Kxf3 78. Kh2 Rg8 79. Kh3 Rh8# 0-1